[Event "ESP-ch 83rd"]
[Site "Linares"]
[Date "2018.08.21"]
[Round "2"]
[White "Ucles Lirola, Moises"]
[Black "Perez Perez, Gabriel"]
[Result "1-0"]
[WhiteElo "1858"]
[BlackElo "2058"]
[PlyCount "147"]
[EventDate "2018.08.20"]
[EventType "swiss"]
[EventRounds "9"]
[EventCountry "ESP"]
[SourceTitle "CBM 186 Extra"]
[Source "ChessBase"]
[SourceDate "2018.08.24"]
[SourceVersion "1"]
[SourceVersionDate "2018.08.24"]
[SourceQuality "1"]

1. Nf3 Nf6 2. g3 d5 3. Bg2 c5 4. d3 Nc6 5. 0-0 e6 6. Nbd2 b6 7. c3 Bb7 8. Qc2 Be7 9. Re1 Qc7 10. e4 0-0 11. Nf1 dxe4 12. dxe4 c4 13. Bf4 e5 14. Bg5 Nd7 15. Ne3 Bxg5 16. Nxg5 Ne7 17. Rad1 h6 18. Nf3 Nf6 19. Nh4 Rad8 20. Nef5 Nxf5 21. Nxf5 Kh7 22. f3 Rxd1 23. Rxd1 Rd8 24. Ne3 Rxd1+ 25. Qxd1 Qc5 26. Kf2 b5 27. Bh3 g6 28. Qd8 Kg7 29. Qb8 Bc6 30. Ke2 a5 31. a3 Qe7 32. Ke1 Ne8 33. Ng4 f6 34. Ne3 Qc7 35. Qxc7+ Nxc7 36. Ke2 Kf7 37. Bg2 Ne6 38. Kd2 Nc5 39. Bf1 h5 40. Be2 Ke6 41. Bd1 f5 42. exf5+ gxf5 43. f4 exf4 44. gxf4 Nd3 45. b3 Nxf4 46. bxc4 h4 47. cxb5 Bxb5 48. Bc2 Ke5 49. Nxf5 h3 50. Nd4 Bc4 51. Nc6+ Kd6 52. Nxa5 Bf1 53. Bd1 Kc5 54. Nb3+ Kc4 55. Nd4 Bg2 56. Bb3+ Kc5 57. Ne6+ Nxe6 58. Bxe6 Bf1 59. Ke3 Kb5 60. Bb3 Bg2 61. Kf4 Kc5 62. Kg3 Kb5 63. Be6 Ka4 64. Bxh3 Bd5 65. Bf1 Kxa3 66. c4 Bf7 67. c5 Be8 68. Bg2 Kb4 69. c6 Bxc6 70. Bxc6 Kc5 71. Kg4 Kd6 72. Kg5 Ke7 73. Kg6 Kf8 74. Bd5 1-0

[Event "Mislata op 52nd"]
[Site "Mislata"]
[Date "2018.08.10"]
[Round "7"]
[White "Jordan Arenas, Manuel"]
[Black "Ucles Lirola, Moises"]
[Result "1-0"]
[WhiteElo "2092"]
[BlackElo "1858"]
[PlyCount "157"]
[EventDate "2018.08.06"]
[EventType "swiss"]
[EventRounds "9"]
[EventCountry "ESP"]
[SourceTitle "CBM 185 Extra"]
[Source "ChessBase"]
[SourceDate "2018.07.29"]
[SourceVersion "1"]
[SourceVersionDate "2018.07.29"]
[SourceQuality "1"]

1. d4 d5 2. c4 c6 3. Nc3 Nf6 4. e3 e6 5. Nf3 Nbd7 6. Qc2 Be7 7. Bd3 Qb6 8. 0-0 0-0 9. Bd2 c5 10. cxd5 exd5 11. Na4 Qc6 12. dxc5 Nxc5 13. Nxc5 Qxc5 14. Qxc5 Bxc5 15. Rfc1 Bd6 16. Bc3 Ne4 17. Be5 Bxe5 18. Nxe5 f6 19. Nf3 Bd7 20. Kf1 Rac8 21. Nd4 Rfd8 22. Ke2 a6 23. f3 Nd6 24. Rxc8 Rxc8 25. a4 Nc4 26. b3 Ne5 27. Kd2 Nxd3 28. Kxd3 Kf7 29. Kd2 h5 30. Rc1 Rxc1 31. Kxc1 Ke7 32. Kd2 Kd6 33. Kc3 Kc5 34. b4+ Kd6 35. a5 g5 36. Nb3 Ke5 37. Nc5 Bc6 38. Nd3+ Kd6 39. Kd4 Bb5 40. Nc5 Bc6 41. g3 Ke7 42. h4 gxh4 43. gxh4 Kd6 44. f4 Ke7 45. f5 Kd6 46. Ne6 Be8 47. Nf4 Bf7 48. Ne2 Be8 49. Ng3 Kc6 50. e4 dxe4 51. Nxe4 Bd7 52. Nxf6 Bxf5 53. Nxh5 Kb5 54. Kc3 b6 55. axb6 Kxb6 56. Nf4 Kb5 57. h5 Bh7 58. h6 Bf5 59. Ne6 Bh7 60. Nd4+ Kb6 61. Kc4 Bg8+ 62. Kd3 Bh7+ 63. Ke3 Bg6 64. Kf4 Bh7 65. Ke5 Kc7 66. Kf6 Kd7 67. Kg7 Be4 68. Ne2 Kc6 69. Nf4 Kb5 70. Ng6 Kxb4 71. h7 a5 72. h8Q Bc2 73. Qb8+ Ka3 74. Qc7 Kb3 75. Qxa5 Kc4 76. Ne5+ Kb3 77. Nf3 Bd3 78. Qd5+ Kc3 79. Qd4+ 1-0

[Event "Mislata op 52nd"]
[Site "Mislata"]
[Date "2018.08.09"]
[Round "5"]
[White "Ucles Lirola, Moises"]
[Black "Safranska, Anda"]
[Result "1/2-1/2"]
[WhiteElo "1858"]
[BlackElo "2193"]
[PlyCount "138"]
[EventDate "2018.08.06"]
[EventType "swiss"]
[EventRounds "9"]
[EventCountry "ESP"]
[SourceTitle "CBM 185 Extra"]
[Source "ChessBase"]
[SourceDate "2018.07.29"]
[SourceVersion "1"]
[SourceVersionDate "2018.07.29"]
[SourceQuality "1"]

1. Nf3 g6 2. g3 Bg7 3. d4 Nf6 4. Bg2 d6 5. 0-0 0-0 6. Re1 Nc6 7. e4 e5 8. c3 h6 9. dxe5 dxe5 10. Qc2 Be6 11. b3 Re8 12. Bb2 Qc8 13. Nbd2 Bh3 14. Nc4 Bxg2 15. Kxg2 Qe6 16. Ne3 Rac8 17. Rad1 Rcd8 18. h3 Bf8 19. Bc1 Kh7 20. Rxd8 Rxd8 21. Rd1 Rxd1 22. Nxd1 Nb8 23. Ne1 Nbd7 24. f3 h5 25. h4 a5 26. Ne3 c6 27. Nc4 a4 28. Be3 Bc5 29. Bxc5 Nxc5 30. Nd3 axb3 31. axb3 Ncd7 32. Qd1 Kg7 33. Nb4 Nc5 34. Nd3 Nxd3 35. Qxd3 Nd7 36. Qd6 Qxd6 37. Nxd6 b6 38. Nc4 Kf6 39. Kf2 Ke6 40. Ke3 b5 41. Nd2 f5 42. b4 Nf6 43. Nb3 Kd6 44. Nc5 Ke7 45. Nd3 Kd6 46. Nc5 Ne8 47. Nb7+ Ke7 48. f4 exf4+ 49. Kxf4 fxe4 50. Kxe4 Nf6+ 51. Ke5 Nd5 52. Kd4 Ke6 53. Nd8+ Kd7 54. Nf7 Ke6 55. Ne5 Nxc3 56. Nxg6 Ne2+ 57. Kc5 Nxg3 58. Kxc6 Kf5 59. Ne7+ Kg4 60. Nd5 Kxh4 61. Nf6 Kg5 62. Nxh5 Nxh5 63. Kxb5 Nf4 64. Kc6 Ne6 65. Kd6 Nd4 66. Kd5 Nb5 67. Kc6 Na3 68. Kb6 Kf6 69. Ka5 Ke6 1/2-1/2

[Event "Andalucia-ch"]
[Site "Lucena"]
[Date "2012.05.01"]
[Round "9"]
[White "Samuel Lares, Jairo"]
[Black "Ucles Lirola, Moises"]
[Result "0-1"]
[WhiteElo "1929"]
[BlackElo "1733"]
[PlyCount "90"]
[EventDate "2012.04.26"]
[EventType "swiss"]
[EventRounds "9"]
[EventCountry "ESP"]
[SourceTitle "EXT 2013"]
[Source "ChessBase"]
[SourceDate "2012.11.22"]
[SourceVersion "1"]
[SourceVersionDate "2012.11.22"]
[SourceQuality "1"]

1. d4 Nf6 2. Nc3 d6 3. e4 g6 4. f4 Bg7 5. Bc4 0-0 6. e5 Ne8 7. Be3 dxe5 8. fxe5 c5 9. Nf3 cxd4 10. Qxd4 Qxd4 11. Bxd4 Nc6 12. 0-0-0 Bg4 13. Rhe1 Rd8 14. Re4 Bxf3 15. gxf3 Rxd4 16. Rdxd4 Nxd4 17. Rxd4 Bxe5 18. Rd7 e6 19. Ne2 Bxh2 20. Bd3 Nc7 21. c4 Na6 22. Bc2 Nc5 23. Rd1 Bc7 24. b4 Na6 25. a3 Rd8 26. Re1 Nb8 27. Nc3 a5 28. Nb5 Bf4+ 29. Kb1 axb4 30. axb4 Nc6 31. Be4 Bd2 32. Re2 Bxb4 33. Rb2 Rd1+ 34. Ka2 Rd2 35. Rxd2 Bxd2 36. Nd6 Na5 37. Nxb7 Nxc4 38. Bd3 Ne5 39. Be2 h5 40. Nd6 Kg7 41. Ne4 Bf4 42. Nf2 Be3 43. Nh1 h4 44. Kb3 Kf6 45. Kc2 Kf5 0-1

[Event "Andalucia-ch"]
[Site "Lucena"]
[Date "2012.04.30"]
[Round "8"]
[White "Ucles Lirola, Moises"]
[Black "Bernabeu Lopez, Carlos Javier"]
[Result "1-0"]
[WhiteElo "1733"]
[BlackElo "1802"]
[PlyCount "59"]
[EventDate "2012.04.26"]
[EventType "swiss"]
[EventRounds "9"]
[EventCountry "ESP"]
[SourceTitle "EXT 2013"]
[Source "ChessBase"]
[SourceDate "2012.11.22"]
[SourceVersion "1"]
[SourceVersionDate "2012.11.22"]
[SourceQuality "1"]

1. e4 e5 2. Nf3 Nf6 3. d3 Nc6 4. g3 Be7 5. Bg2 d6 6. 0-0 0-0 7. Ne1 Ne8 8. f4 f5 9. c3 Nf6 10. exf5 exf4 11. Rxf4 Kh8 12. d4 d5 13. Nd2 Bd6 14. Rf1 Ne7 15. Bh3 c6 16. Ng2 Qc7 17. Nf4 Bxf4 18. Rxf4 g5 19. Rf1 h5 20. g4 hxg4 21. Bxg4 Nxg4 22. Qxg4 Bxf5 23. Qh5+ Bh7 24. Nf3 Ng6 25. Bxg5 Nf4 26. Bxf4 Rxf4 27. Ng5 Rxf1+ 28. Rxf1 Rg8 29. Kh1 b6 30. Nf7+ 1-0

[Event "Andalucia-ch"]
[Site "Lucena"]
[Date "2012.04.29"]
[Round "5"]
[White "Diaz Rodriguez, Jose Antonio"]
[Black "Ucles Lirola, Moises"]
[Result "1-0"]
[WhiteElo "2055"]
[BlackElo "1733"]
[PlyCount "89"]
[EventDate "2012.04.26"]
[EventType "swiss"]
[EventRounds "9"]
[EventCountry "ESP"]
[SourceTitle "EXT 2013"]
[Source "ChessBase"]
[SourceDate "2012.11.22"]
[SourceVersion "1"]
[SourceVersionDate "2012.11.22"]
[SourceQuality "1"]

1. e4 Nf6 2. e5 Nd5 3. Bc4 Nb6 4. Bb3 d6 5. Nf3 Nc6 6. exd6 exd6 7. d4 d5 8. 0-0 Be7 9. c3 Bf5 10. Bf4 0-0 11. Nbd2 a5 12. a4 Bf6 13. Re1 Re8 14. Rxe8+ Qxe8 15. Bxc7 Ra6 16. Nf1 Qd7 17. Be5 Be7 18. Ng3 Bg6 19. Bc2 Nc4 20. Bxg6 hxg6 21. b3 N4xe5 22. dxe5 Qe6 23. Qe1 Rb6 24. Rb1 Bc5 25. Nf1 d4 26. c4 d3 27. Qe4 Nb4 28. N1d2 Qd7 29. Qh4 f6 30. exf6 gxf6 31. Ne4 Be7 32. Qg3 f5 33. Ned2 Re6 34. Re1 Rxe1+ 35. Nxe1 Qe6 36. Nxd3 Nc6 37. Qe3 Qf6 38. h3 Nd4 39. Ne5 Qd6 40. Nxg6 Bf6 41. Nf3 Nxf3+ 42. Qxf3 Kg7 43. Nf4 Be5 44. Nd5 Qh6 45. Ne3 1-0

[Event "Andalucia-ch U14"]
[Site "Islantilla"]
[Date "2012.04.13"]
[Round "4"]
[White "Jimenez Guillen, Francisco Jose"]
[Black "Ucles Lirola, Moises"]
[Result "0-1"]
[WhiteElo "1480"]
[BlackElo "1733"]
[PlyCount "70"]
[EventDate "2012.04.13"]
[EventType "swiss"]
[EventRounds "9"]
[EventCountry "ESP"]
[SourceTitle "CBM 148 Extra"]
[Source "ChessBase"]
[SourceDate "2012.06.22"]
[SourceVersion "1"]
[SourceVersionDate "2012.06.22"]
[SourceQuality "1"]

1. e4 Nf6 2. e5 Nd5 3. c4 Nb6 4. d4 d6 5. f4 dxe5 6. fxe5 c5 7. d5 e6 8. d6 Qh4+ 9. Ke2 Qe4+ 10. Be3 Qxe5 11. Nc3 Qxd6 12. Qxd6 Bxd6 13. Nb5 Nxc4 14. Rd1 Be5 15. Nf3 a6 16. Nxe5 axb5 17. Nxc4 bxc4 18. Bxc5 Rxa2 19. Kf3 Rxb2 20. Bxc4 Rc2 21. Rc1 Rxc1 22. Rxc1 f6 23. Bd6 Nc6 24. Bb5 Bd7 25. Ke3 Kf7 26. Rd1 e5 27. Bxe5 Nxe5 28. Bxd7 Rd8 29. Be6+ Ke7 30. Rxd8 Kxd8 31. h3 Ke7 32. Bd5 b6 33. Be4 g6 34. Kd4 Kd6 35. Bd5 Nc6+ 0-1

[Event "Andalucia-ch U18"]
[Site "Almeria"]
[Date "2011.04.18"]
[Round "4.8"]
[White "Garcia de Lomas Guerrero, Carlos"]
[Black "Ucles Lirola, Moises"]
[Result "1-0"]
[WhiteElo "1951"]
[BlackElo "1793"]
[PlyCount "39"]
[EventDate "2011.04.16"]
[EventType "swiss"]
[EventRounds "8"]
[EventCountry "ESP"]
[SourceTitle "EXT 2024"]
[Source "ChessBase"]
[SourceDate "2023.10.10"]
[SourceVersion "1"]
[SourceVersionDate "2023.10.10"]
[SourceQuality "1"]

1. e4 Nf6 2. e5 Nd5 3. c4 Nb6 4. c5 Nd5 5. Nc3 e6 6. Nxd5 exd5 7. d4 d6 8. cxd6 cxd6 9. Nf3 Nc6 10. Bd3 Be7 11. 0-0 Bg4 12. Bb5 0-0 13. Bxc6 bxc6 14. Bf4 Rb8 15. b3 Rb4 16. Qd2 a5 17. Ne1 dxe5 18. Bxe5 Bf5 19. Qc1 Bg6 20. Nf3 1-0

[Event "Andalucia-ch U12 1011"]
[Site "Almeria"]
[Date "2011.03.25"]
[Round "3.8"]
[White "Ucles Lirola, Moises"]
[Black "Rios Gil, Cristina"]
[Result "1-0"]
[WhiteElo "1793"]
[BlackElo "1337"]
[PlyCount "63"]
[EventDate "2011.03.25"]
[EventType "swiss"]
[EventRounds "9"]
[EventCountry "ESP"]
[SourceTitle "EXT 2024"]
[Source "ChessBase"]
[SourceDate "2023.10.10"]
[SourceVersion "1"]
[SourceVersionDate "2023.10.10"]
[SourceQuality "1"]

1. e4 c5 2. Nf3 e6 3. d4 cxd4 4. Nxd4 a6 5. Nc3 Qc7 6. Bd3 Nc6 7. Nxc6 Qxc6 8. Bd2 Be7 9. Qe2 b5 10. a3 d6 11. f3 Bb7 12. Be3 Nf6 13. Nxb5 0-0 14. Nd4 Qc7 15. 0-0 d5 16. Bf2 Bd6 17. h3 e5 18. Nf5 Bc5 19. Rae1 Rae8 20. Kh1 Re6 21. Qd2 Ne8 22. Bxc5 Qxc5 23. Qf2 Qxf2 24. Rxf2 Nf6 25. Ree2 d4 26. Bc4 Rc6 27. Ne7+ Kh8 28. Nxc6 Bxc6 29. Rd2 Bb5 30. Bxb5 axb5 31. f4 exf4 32. Rxf4 1-0